Special cytology: The form and functions of the cell in health and disease. V 2 (Record no. 21423)

MARC details
000 -LEADER
fixed length control field 00454nam a2200169Ia 4500
082 ## - DEWEY DECIMAL CLASSIFICATION NUMBER
Classification number 576.3:61
Item number COW.2
245 #0 - TITLE STATEMENT
Title Special cytology: The form and functions of the cell in health and disease. V 2
250 ## - EDITION STATEMENT
Edition statement Ed.2
260 ## - PUBLICATION, DISTRIBUTION, ETC. (IMPRINT)
Place of publication New York
Name of publisher Hafner
Year of publication 1963
650 ## - SUBJECT ADDED ENTRY--TOPICAL TERM
Topical Term Cytology
650 ## - SUBJECT ADDED ENTRY--TOPICAL TERM
Topical Term Heart system
650 ## - SUBJECT ADDED ENTRY--TOPICAL TERM
Topical Term Lymphocytes
650 ## - SUBJECT ADDED ENTRY--TOPICAL TERM
Topical Term Thyroid
700 ## - ADDED ENTRY--PERSONAL NAME
Personal name Cowdry, Edmund V
942 ## - ADDED ENTRY ELEMENTS (KOHA)
Koha item type Books
Holdings
Withdrawn status Lost status Damaged status Not for loan Home library Current library Date acquired Full call number Accession Number Koha item type
        RRII Library RRII Library 16/12/2021 576.3:61 COW.2 02139 Books